000 01048nas a2200313 4500
001 BR2014006636
003 BR-BrBNA
005 20231205124630.0
007 ta
008 230509b bl.|||p| |||| 00| 00por d
040 _aBR-BrBNA
_bpor
_cBiblioteca Nacional de Agricultura
041 _a(Pt)
072 _aF04; F01
100 1 _aCabezas, W.A.R.L.
100 1 _aArruda, M.R. de
100 1 _aCantarella, H.
100 1 _aPauletti, V.
100 1 _aTrivelin, P.C.O.
100 1 _aBendassolli, J.A.
245 1 _aImobilização de nitrogênio da ureia e do sulfato de amônio aplicado em pré-semeadura ou cobertura na cultura de milho, no sistema plantio direto
650 _aMILHO
650 _aPLANTIO DIRETO
650 _aFERTILIZANTE
650 _aNITROGÊNIO
773 0 _tRevista Brasileira de Ciência do Solo (Brazil)
_xISSN 0100-0683
_g(Mar-Apr 2005), v. 29(2) p. 215-226
_wBR2014006636
856 4 0 _uhttp://www.scielo.br/pdf/rbcs/v29n2/24158.pdf
909 _a202311
_bLúcia
_c55
_dLúcia Elande
942 _2AGRIS
_n0
_cANA
999 _c240088
_d240088